Kolonien des Deutschen Reiches - Statistiken

Allgemein
  • Dieses Quiz wurde 223 mal gespielt
  • Das Durchschnittsergebnis liegt bei 2 aus 5
Antwortstatistiken
Kolonienamen % Korrekt
Deutsch {Ostafrika}
84%
Deutsch {Südwestafrika}
70%
Deutsch {Westafrika}
57%
Deutsch {Neu Guinea}
29%
{Kiautschou-Bucht} Gepachtetes Gebiet
1%
Keine übereinstimmenden Quizze gefunden
Verteilung der Resultate
Anzahl Personen mit jedem Resultat
Perzentil nach korrekt beantworteten Fragen
Ihre Resultats-Entwicklung
Sie haben dieses Quiz noch nicht gespielt